000
00262nmm a2200097Ia 4500
008
220120s9999||||xx |||||||||||||||||und||
020
_a
0-07-058300-5
100
_a
PCQ
245
0
_a
July 2011: The pcquest virtual store 5 full free games, hig
260
_b
New Delhi
999
_c
139691
_d
139691